Category Elimination - Super Smash Bros. Characters #2 - Statistics

General Stats
  • This quiz has been taken 1,495 times
    1,476 since last reset
  • The average score is 18 of 24
Answer Stats
# Which character... Answer % Correct
a 39 ...has been in space?
100%
a 18 ...debuted in a spacefaring game?
96%
a 14 ...has their name start with a letter from D-S?
95%
b 28 ...has a game on the NES?
92%
d 55 …debuted before the year 2000?
90%
c 18 …is not owned by Nintendo?
88%
c 13 …is not from an RPG?
87%
b 21 ...is not part of original 12?
83%
d 33 …also debuted after the year 1990?
83%
a 7 ...weighs more than Falco (in Smash Ultimate)?
81%
b 16 ...is a Nintendo character?
81%
d 18 …is not a human-like creature?
80%
d 8 …has their name appear in the title of a game?
78%
c 7 …made their Smash debut in Ultimate?
77%
c 3 …debuted in a 3D game?
72%
b 8 ...has appeared in a launch title for a console?
70%
c 2 …was not created in Japan?
66%
d 5 …has W, X, Y, or Z appear in their name?
61%
c 1 …is from an indie game? Steve
57%
a 4 …is less than 18 years old?
52%
a 1 ...likes baseball? Ness
50%
b 2 ...fights in a team?
49%
d 1 …debuted in a Mario game? Yoshi
45%
b 1 ...has been cut from Super Smash Bros? Ice Climbers
44%
No matching quizzes found
Score Distribution
Percent of People with Each Score
Percentile by Number Answered
Your Score History
You have not taken this quiz since the last reset